000 00588nam a22002177a 4500
003 UA-OsUOA
001 98768
007 ta
008 20130417b un ||||| |||| 00| 0 ukr d
100 _aРоллан Р.
090 _a821.161.1
_bР67
942 _cBK
040 _aUA-OsUOA
_brus
_cUA-OsUOA
_dUA-OsUOA
245 _aСобрание сочинений в девяти томах
_b6
300 _a462 с.
955 _a2
041 _arus
080 _a821.161.1
260 _aМ.
_bПравда
_c1983
650 7 _a82 Література. Літературознавство
_2UDC
999 _c384834
_d384834